000 00448nam a2200181Ia 4500
001 978
005 20260306140558.0
008 260306t2003||||xx |||||||||||||| ||spa||
041 _aESP
082 _a174.9574
_bS26
100 _aSarmiento, Augusto
_eAUT
245 0 _aEl don de la vida:
_bdocumentos del magisterio de la iglesia sobre bioética
260 _c2003
300 _a
_c
650 _aGEN
654 _aCHU
942 _cLIB
_dJUS
_fJUS
_2ddc
_n
999 _c978
_d978